Arrowverse Villains - Statistics

General Stats
  • This quiz has been taken 86 times
  • The average score is 13 of 38
Answer Stats
Hint Answer 1 % Correct
The Flash Season 1Legends of Tomorrow Season 2 Reverse Flash
96%
Crisis on Earth-X Reverse Flash
96%
The Flash Season 2 Zoom
94%
The Flash Season 3 Savitar
85%
Arrow Season 2 Deathstroke
78%
Arrow Season 1Legends of Tomorrow Season 2 Malcolm Merlyn
74%
Arrow Season 4Legends of Tomorrow Season 2/3 Damien Darhk
71%
Arrow Season 3 Ra's al Ghul
69%
The Flash Season 5 Cicada
68%
Arrow Season 5 Prometheus
62%
Crisis on Earth-X Prometheus
62%
The Flash Season 4 Clifford Devoe
49%
Arrow Season 6/7 Ricardo Diaz
44%
Crisis on Infinite Earths Anti-monitor
43%
Supergirl Season 4/5/6 Lex Luthor
38%
Legends of Tomorrow Season 1 Vandal Savage
38%
Crisis on Earth-X Dark Arrow
29%
Arrow Season 5/6 Black Siren
26%
The Flash Season 4 Marlize Devoe
26%
Arrow Season 6 Cayden James
24%
Crisis on Earth-X Overgirl
24%
Supergirl Season 3 Reign
24%
Supergirl Season 1 Non
13%
Arrow Season 5 Talia al Ghul
10%
Elseworlds John Deegan
9%
Legends of Tomorrow Season 3 Nora Darhk
9%
Supergirl Season 3 Purity
6%
Arrow Season 6 Vigilante
6%
Supergirl Season 2 Queen Rhea
4%
Supergirl Season 4 Agent Liberty
3%
Legends of Tomorrow Season 4 Fairy Godmother
1%
Supergirl Season 1 Alura Zor-El
0%
Arrow Season 6 Anatoly Knyasev
0%
Supergirl Season 5 Leviathan
0%
Supergirl Season 4 Manchester Black
0%
Legends of Tomorrow Season 4 Neuron
0%
Supergirl Season 3 Pestulence
0%
Supergirl Season 5 Rama Khan
0%
No matching quizzes found
Score Distribution
Percent of People with Each Score
Percentile by Number Answered
Your Score History
You have not taken this quiz